=LDR 00000nam 2200000 4500 =001 INLIS000000000021210 =005 20130612120104 =008 ***********************************ind** =035 ##$$0010-061300000021210 =041 ##$$a ind =082 ##$$a 372.19 =090 ##$$a 372.19, SAT s =245 ##$$a Satuan Pelajaran Pendidikan Dasar 9 tahun, pengarah Wahyudi =260 ##$$a 1995 $b Solo =300 ##$$a vi, 488 hlm., illus, 27 cm =650 ##$$a Kurikulum pendidikan dasar =850 ##$$a NBPNMAT